000 01653cam a2200325 a 4500
999 _c9092
_d9092
001 26901940
003 OCoLC
005 20241126110705.0
008 911113s1992 coua b 000 0 eng
010 _a91067292
020 _a9780997021387
035 _a(OCoLC)26901940
_z(OCoLC)948399908
040 _aDLC
_beng
_cDLC
_dPBE
_dBTCTA
_dBAKER
_dSGB
_dOCLCF
_dCFT
_dOCLCQ
_dPB4
_dYDXCP
_dXBE
_dBSC
082 _a260
_bPET
092 _a260
_bP4841c, 1992
100 1 _aPetersen, Jim.
_915854
245 1 0 _aChurch without walls /
_cJim Petersen
250 _a2nd edition
260 _aColorado Springs, Colo. :
_bGlobal Commerce Network,
_c2018.
300 _a298 pages :
_billustrations ;
_c24 cm
336 _atext
_btxt
_2rdacontent
337 _aunmediated
_bn
_2rdamedia
338 _avolume
_bnc
_2rdacarrier
505 0 _aThe reshaping of the American way of life -- Our contemporary society: where we got it and where it is going -- How did the gospel grow?: an historical look at the New Testament -- From Ignatius to the Puritans: AD 95-1620 -- The church in America -- Freedom and diversity: a first-century example -- To freedom and diversity -- New boundaries for the church -- God's people in the midst of postmodern America -- The task before us -- Recovering our mobility.
650 0 _aChurch.
_9263
856 4 2 _3Contributor biographical information
_uhttp://catdir.loc.gov/catdir/enhancements/fy1206/91067292-b.html
856 4 2 _3Publisher description
_uhttp://catdir.loc.gov/catdir/enhancements/fy0908/91067292-d.html
856 4 2 _3Publisher description
_uhttp://www.loc.gov/catdir/enhancements/fy0908/91067292-d.html
942 _2ddc
_cBK
_02